000 00292nam a22000977a 4500
008 240219b |||||||| |||| 00| 0 eng d
082 _a025 F85F Ej.1
100 1 0 _aLópez Yepes, Jose
_eautor
_943440
245 _aFundamentos de información y documentación /
_cJosé López Yepes
942 _2ddc
999 _c30613
_d16997